[Event "Charleroi op 4th"]
[Site "Charleroi"]
[Date "2005.08.04"]
[Round "7"]
[White "Deprez, Dominique"]
[Black "De Boeck, Pierre"]
[Result "1-0"]
[WhiteElo "1710"]
[BlackElo "1418"]
[PlyCount "51"]
[EventDate "2005.07.30"]
[EventType "swiss"]
[EventRounds "9"]
[EventCountry "BEL"]
[SourceTitle "EXT 2006"]
[Source "ChessBase"]
[SourceDate "2005.11.24"]
[SourceVersion "1"]
[SourceVersionDate "2005.11.24"]
[SourceQuality "1"]

1. c4 c5 2. Nf3 Nf6 3. d4 e6 4. Nc3 d5 5. Bg5 dxc4 6. Qa4+ Bd7 7. Qxc4 Be7 8. dxc5 a6 9. e3 b5 10. cxb6 Qxb6 11. b4 Qc6 12. Be2 Qxc4 13. Bxc4 0-0 14. 0-0 Bc6 15. Ne5 h6 16. Nxc6 Nxc6 17. Bh4 Rfc8 18. Na4 Bd8 19. Rfd1 g5 20. Bg3 Ne4 21. Be2 Nxg3 22. hxg3 Bf6 23. Rac1 Nxb4 24. a3 Rxc1 25. Rxc1 Na2 26. Rc2 1-0